000 00427nam a2200133 4500
999 _c13979
_d13979
008 190718b ||||| |||| 00| 0 eng d
082 _aDPer 050 T48 Apr-June 2016 v. 187 n. 12-24
100 _aHaggis, Paul.
_938911
245 _aOscar Isaac:
_bscene maker/
_cPaul Haggis.
260 _aHong Kong:
_bTime Asia,
_cc2016.
300 _av187 n16-17, page 54:
_billustrations;
_c27 cm.
650 _aActors.
_938912
942 _2ddc
_cPER